| 000 | 00554 a2200205 4500 | ||
|---|---|---|---|
| 005 | 20251230143711.0 | ||
| 008 | 251230b |||||||| |||| 00| 0 eng d | ||
| 020 |
_a9789348385499 _cRs. 895.00 |
||
| 040 | _aMAIN | ||
| 082 |
_a362.1068 _bS72P(4) |
||
| 100 | _aSurender Lal | ||
| 245 | _aPublic health management: Principles and practice | ||
| 250 | _a4th | ||
| 260 |
_bCBS Publishers and Distributors _aNew Delhi _c2025 |
||
| 300 | _axviii, 358 | ||
| 650 | _aPublic Health | ||
| 650 | _aSocial Welfare Problems | ||
| 700 | _aVikas | ||
| 942 | _cBK | ||
| 999 |
_c393257 _d393257 |
||